[Event "WCO 2016"]
[Site "?"]
[Date "2016.09.11"]
[Round "9"]
[Board "28"]
[WhiteID "10000526"]
[White "Kizza Faruk Fauza Karim"]
[BlackID "6000398"]
[Black "Borigas Edgardo"]
[Result "1-0"]
[BlackElo "1894"]
[WhiteElo "2094"]
[LiveChessVersion "1.4.8"]

1. Nf3 {[%clk 1:30:52]} d6 {[%clk 1:29:54]} 2. g3 {[%clk 1:30:55]} g6
{[%clk 1:30:06]} 3. Bg2 {[%clk 1:31:17]} Bg7 {[%clk 1:30:28]} 4. d3
{[%clk 1:31:23]} Nf6 {[%clk 1:30:06]} 5. Nbd2 {[%clk 1:31:40]} O-O
{[%clk 1:30:15]} 6. e4 {[%clk 1:31:55]} e5 {[%clk 1:29:58]} 7. O-O
{[%clk 1:31:47]} Nbd7 {[%clk 1:28:58]} 8. c3 {[%clk 1:32:12]} Re8
{[%clk 1:24:08]} 9. Re1 {[%clk 1:32:29]} Nc5 10. Qc2 {[%clk 1:27:31]} h6
{[%clk 1:14:00]} 11. b4 {[%clk 1:24:34]} Ne6 {[%clk 1:12:55]} 12. Bb2
{[%clk 1:24:57]} Nh7 {[%clk 1:10:51]} 13. d4 {[%clk 1:24:58]} Neg5
{[%clk 1:09:19]} 14. dxe5 {[%clk 1:23:09]} dxe5 {[%clk 1:09:27]} 15. Rad1
{[%clk 1:22:34]} Qe7 {[%clk 1:05:11]} 16. h4 {[%clk 1:18:19]} Nxf3+
{[%clk 1:04:47]} 17. Nxf3 {[%clk 1:18:37]} g5 {[%clk 1:04:24]} 18. hxg5
{[%clk 1:19:00]} hxg5 {[%clk 1:02:05]} 19. Nh2 {[%clk 1:17:09]} Be6
{[%clk 1:00:19]} 20. a3 {[%clk 1:17:26]} Rad8 {[%clk 1:00:09]} 21. Nf1
{[%clk 1:17:54]} Nf6 {[%clk 0:47:18]} 22. Ne3 {[%clk 1:17:38]} Ng4
{[%clk 0:46:39]} 23. Nd5 {[%clk 1:17:34]} Bxd5 {[%clk 0:46:17]} 24. exd5
{[%clk 1:18:02]} Qf6 {[%clk 0:42:46]} 25. Qe2 {[%clk 1:17:13]} Nh6
{[%clk 0:41:14]} 26. Qh5 {[%clk 1:17:16]} Qe7 {[%clk 0:38:01]} 27. Bc1
{[%clk 1:17:19]} f6 {[%clk 0:38:18]} 28. Bh3 {[%clk 1:17:33]} b5 {[%clk 0:31:27]}
29. Be6+ {[%clk 1:14:36]} Kf8 {[%clk 0:30:42]} 30. Be3 {[%clk 1:15:04]} Nf7
{[%clk 0:29:38]} 31. Bc5 {[%clk 1:15:09]} Nd6 {[%clk 0:29:18]} 32. Qh7
{[%clk 1:15:24]} Qxe6 {[%clk 0:29:07]} 33. dxe6 {[%clk 1:15:41]} Rxe6
{[%clk 0:29:27]} 34. f4 {[%clk 1:14:34]} gxf4 {[%clk 0:29:32]} 35. gxf4
{[%clk 1:15:03]} Kf7 {[%clk 0:28:15]} 36. Qh5+ {[%clk 1:15:07]} Kg8
{[%clk 0:27:54]} 37. f5 {[%clk 1:15:00]} Re7 {[%clk 0:26:33]} 38. Re2
{[%clk 1:10:10]} e4 {[%clk 0:25:46]} 39. Rg2 {[%clk 1:40:11]} Rdd7
{[%clk 0:55:43]} 40. Bxd6 {[%clk 1:39:44]} cxd6 {[%clk 0:56:10]} 41. Rd5
{[%clk 1:40:10]} a6 {[%clk 0:55:13]} 42. Qd1 {[%clk 1:40:05]} e3 {[%clk 0:55:24]}
43. Re2 {[%clk 1:40:28]} Bf8 {[%clk 0:53:39]} 44. Rd3 {[%clk 1:40:03]} Bh6
{[%clk 0:53:31]} 45. Rxd6 {[%clk 1:40:00]} Rg7+ {[%clk 0:53:57]} 46. Kf1
{[%clk 1:39:25]} Rde7 {[%clk 0:54:09]} 47. Qd5+ {[%clk 1:39:17]} Kh7
{[%clk 0:54:35]} 48. Rxf6 {[%clk 1:39:19]} Rd7 {[%clk 0:54:50]} 49. Rxh6+
{[%clk 1:37:52]} Kxh6 {[%clk 0:55:06]} 50. Qe6+ {[%clk 1:37:56]} Kg5
{[%clk 0:55:18]} 51. Qxe3+ {[%clk 1:38:04]} Kxf5 {[%clk 0:53:45]} 52. Qe6+
{[%clk 1:37:49]} 1-0

[Event "WCO 2016"]
[Site "?"]
[Date "2016.09.11"]
[Round "9"]
[Board "25"]
[WhiteID "16100352"]
[White "Mohamud Hussein Ali "]
[BlackID "9700056"]
[Black "Li Ying Patrick"]
[Result "0-1"]
[BlackElo "2131"]
[WhiteElo "1606"]
[LiveChessVersion "1.4.8"]

1. e4 {[%clk 1:30:41]} d5 {[%clk 1:30:50]} 2. exd5 {[%clk 1:30:56]} Qxd5
{[%clk 1:31:14]} 3. Nc3 {[%clk 1:31:19]} Qa5 {[%clk 1:31:38]} 4. d4
{[%clk 1:30:43]} Nf6 {[%clk 1:32:02]} 5. Bd3 {[%clk 1:30:36]} c6 {[%clk 1:32:19]}
6. Nge2 {[%clk 1:30:10]} Bg4 {[%clk 1:30:50]} 7. O-O {[%clk 1:29:00]} e6
{[%clk 1:31:13]} 8. h3 {[%clk 1:22:50]} Bh5 {[%clk 1:31:28]} 9. Bf4
{[%clk 1:22:21]} Be7 {[%clk 1:31:25]} 10. Qd2 {[%clk 1:18:31]} O-O
{[%clk 1:29:08]} 11. Rfe1 {[%clk 1:18:01]} Bg6 {[%clk 1:19:30]} 12. Ng3
{[%clk 1:17:08]} Qb6 {[%clk 1:17:05]} 13. Bxg6 {[%clk 1:14:29]} hxg6
{[%clk 1:17:25]} 14. a3 {[%clk 1:13:50]} Rd8 {[%clk 1:17:10]} 15. Red1
{[%clk 1:05:42]} Na6 {[%clk 1:13:22]} 16. Na4 {[%clk 0:59:06]} Qb5
{[%clk 1:13:19]} 17. Nc3 {[%clk 0:56:34]} Qa5 {[%clk 1:10:43]} 18. b4
{[%clk 0:53:10]} Qb6 {[%clk 1:10:04]} 19. Nge4 {[%clk 0:43:19]} Rd7
{[%clk 1:06:20]} 20. Qe3 {[%clk 0:40:16]} Qd8 21. Rd3 {[%clk 0:35:07]} Nc7
{[%clk 1:02:26]} 22. Bg5 {[%clk 0:27:10]} Ncd5 {[%clk 1:01:51]} 23. Nxd5
{[%clk 0:27:00]} Rxd5 {[%clk 0:57:35]} 24. h4 {[%clk 0:21:36]} Nxe4
{[%clk 0:57:02]} 25. Bxe7 {[%clk 0:21:46]} Qxe7 {[%clk 0:57:21]} 26. Qxe4
{[%clk 0:22:09]} a5 {[%clk 0:57:20]} 27. Rb1 {[%clk 0:20:55]} axb4
{[%clk 0:56:52]} 28. axb4 {[%clk 0:21:24]} Ra2 {[%clk 0:55:59]} 29. Re3
{[%clk 0:20:18]} Rf5 {[%clk 0:55:54]} 30. f3 {[%clk 0:15:36]} Qf6
{[%clk 0:54:53]} 31. g3 {[%clk 0:13:45]} g5 {[%clk 0:47:30]} 32. hxg5
{[%clk 0:13:05]} Qxg5 {[%clk 0:46:05]} 33. Kg2 {[%clk 0:12:40]} Rxc2+
{[%clk 0:45:00]} 34. Qxc2 {[%clk 0:07:18]} Qxe3 {[%clk 0:45:21]} 35. Qd1
{[%clk 0:06:25]} Rd5 {[%clk 0:45:25]} 36. Ra1 {[%clk 0:04:56]} Rxd4
{[%clk 0:43:18]} 37. Ra8+ {[%clk 0:04:44]} Kh7 {[%clk 0:43:37]} 38. Qb1+
{[%clk 0:03:29]} f5 {[%clk 0:43:12]} 39. Ra2 {[%clk 0:01:42]} Rd3
{[%clk 0:41:18]} 40. Rf2 {[%clk 0:31:26]} Rb3 {[%clk 1:11:18]} 41. Qh1+
{[%clk 0:31:27]} Kg6 {[%clk 1:07:03]} 42. Qh4 {[%clk 0:30:00]} Rb1
{[%clk 1:06:45]} 43. Qd8 {[%clk 0:29:32]} Qc1 {[%clk 1:06:37]} 44. Qe8+
{[%clk 0:29:29]} Kh7 {[%clk 1:06:53]} 45. Qh5+ {[%clk 0:19:08]} Qh6
{[%clk 1:07:12]} 46. Qxh6+ {[%clk 0:19:24]} Kxh6 {[%clk 1:07:37]} 47. Re2
{[%clk 0:19:44]} Rxb4 {[%clk 1:07:56]} 48. Rxe6+ {[%clk 0:20:13]} g6
{[%clk 1:07:20]} 49. Kf2 {[%clk 0:20:16]} Rb3 {[%clk 1:07:28]} 50. Rd6
{[%clk 0:20:14]} c5 {[%clk 1:07:47]} 51. Ke2 {[%clk 0:20:24]} c4 {[%clk 1:08:08]}
52. Rd7 {[%clk 0:19:55]} b5 {[%clk 1:08:28]} 53. Rc7 {[%clk 0:20:18]} c3
{[%clk 1:08:34]} 54. Rc5 {[%clk 0:19:27]} b4 {[%clk 1:08:47]} 55. Rc4
{[%clk 0:19:48]} Rb2+ {[%clk 1:08:42]} 56. Kd1 {[%clk 0:20:12]} Kg7
{[%clk 1:08:16]} 57. f4 {[%clk 0:20:10]} Kf7 {[%clk 1:08:38]} 58. Rc6
{[%clk 0:20:08]} Ke7 {[%clk 1:08:28]} 59. Rc4 {[%clk 0:18:55]} Kd6
{[%clk 1:08:49]} 60. Kc1 {[%clk 0:18:48]} Kd5 {[%clk 1:08:51]} 61. Rc8
{[%clk 0:18:54]} Kd4 {[%clk 1:09:17]} 62. Rc6 {[%clk 0:18:45]} b3
{[%clk 1:08:22]} 0-1

[Event "WCO 2016"]
[Site "?"]
[Date "2016.09.11"]
[Round "9"]
[Board "26"]
[WhiteID "9700072"]
[White "Chinasamy Devarajen"]
[BlackID "16100239"]
[Black "Fidow Kassim Hassan"]
[Result "0-1"]
[BlackElo "1567"]
[WhiteElo "2018"]
[LiveChessVersion "1.4.8"]

1. e4 {[%clk 1:30:56]} c5 {[%clk 1:30:38]} 2. Nf3 {[%clk 1:31:13]} Nc6
{[%clk 1:30:55]} 3. Bb5 {[%clk 1:31:20]} Qc7 4. c3 a6 {[%clk 1:27:02]} 5. Ba4
{[%clk 1:27:27]} Nf6 {[%clk 1:24:39]} 6. d3 {[%clk 1:27:26]} e6 {[%clk 1:24:00]}
7. O-O {[%clk 1:27:50]} h5 {[%clk 1:24:06]} 8. Re1 {[%clk 1:25:48]} Ng4
{[%clk 1:24:11]} 9. h3 {[%clk 1:23:32]} b5 {[%clk 1:20:20]} 10. Bb3
{[%clk 1:23:32]} f6 11. Nbd2 c4 {[%clk 1:13:28]} 12. Bc2 {[%clk 1:15:48]} cxd3
{[%clk 1:13:22]} 13. Bxd3 {[%clk 1:16:13]} Bc5 {[%clk 1:13:30]} 14. hxg4
{[%clk 1:16:07]} hxg4 {[%clk 1:13:02]} 15. e5 {[%clk 1:09:45]} gxf3
{[%clk 1:11:13]} 16. Nxf3 {[%clk 1:06:18]} Bb7 {[%clk 1:11:34]} 17. Bg6+
{[%clk 1:03:21]} Ke7 {[%clk 1:11:12]} 18. Bf4 {[%clk 1:02:44]} Qb6
{[%clk 1:07:34]} 19. Qd2 {[%clk 1:02:13]} Raf8 {[%clk 1:06:31]} 20. b4
{[%clk 1:02:08]} Bxf2+ {[%clk 1:00:19]} 21. Qxf2 {[%clk 1:02:29]} Rh1+
{[%clk 1:00:15]} 22. Kxh1 {[%clk 1:02:23]} Qxf2 {[%clk 0:49:48]} 23. exf6+
{[%clk 0:55:40]} gxf6 {[%clk 0:49:15]} 24. Rad1 {[%clk 0:53:00]} Rh8+
{[%clk 0:49:18]} 25. Bh2 {[%clk 0:53:13]} Ne5 {[%clk 0:48:24]} 0-1

[Event "WCO 2016"]
[Site "?"]
[Date "2016.09.11"]
[Round "9"]
[Board "29"]
[WhiteID "409014"]
[White "Kirby Peter J."]
[BlackID "21300020"]
[Black "Klaas Tokelo"]
[Result "1-0"]
[BlackElo "1663"]
[WhiteElo "2014"]
[LiveChessVersion "1.4.8"]

1. c4 {[%clk 1:30:57]} c5 {[%clk 1:30:19]} 2. g3 {[%clk 1:31:18]} Nc6
{[%clk 1:30:10]} 3. Bg2 {[%clk 1:31:30]} g6 {[%clk 1:29:50]} 4. Nf3
{[%clk 1:31:45]} Nf6 {[%clk 1:29:56]} 5. Nc3 {[%clk 1:31:44]} Bg7
{[%clk 1:30:07]} 6. d4 {[%clk 1:32:05]} cxd4 {[%clk 1:29:15]} 7. Nxd4
{[%clk 1:32:32]} O-O {[%clk 1:29:28]} 8. O-O {[%clk 1:31:24]} Qb6
{[%clk 1:23:45]} 9. Nb3 {[%clk 1:29:12]} d6 {[%clk 1:22:22]} 10. Be3
{[%clk 1:26:04]} Qd8 {[%clk 1:21:57]} 11. h3 {[%clk 1:23:18]} Be6
{[%clk 1:19:10]} 12. Nd5 {[%clk 1:20:57]} Bxd5 {[%clk 1:14:49]} 13. cxd5
{[%clk 1:20:47]} Na5 {[%clk 1:13:34]} 14. Rc1 {[%clk 1:19:01]} Nxb3
{[%clk 1:05:23]} 15. Qxb3 {[%clk 1:19:21]} Qd7 {[%clk 1:04:47]} 16. Rc2
{[%clk 1:17:39]} a6 {[%clk 1:03:42]} 17. Rfc1 {[%clk 1:12:30]} Rfc8
{[%clk 1:02:41]} 18. Rc4 {[%clk 1:10:43]} Rxc4 {[%clk 1:02:12]} 19. Qxc4
{[%clk 1:10:18]} Ne8 {[%clk 1:02:27]} 20. b3 {[%clk 1:09:20]} Qb5
{[%clk 0:54:48]} 21. h4 {[%clk 1:05:19]} Qxc4 {[%clk 0:47:11]} 22. Rxc4
{[%clk 1:05:35]} f5 {[%clk 0:44:55]} 23. Bb6 {[%clk 1:03:44]} Kf7
{[%clk 0:43:12]} 24. e4 {[%clk 1:01:21]} fxe4 {[%clk 0:41:21]} 25. Bxe4
{[%clk 1:01:34]} Nf6 {[%clk 0:41:38]} 26. Bg2 {[%clk 1:01:18]} Nd7
{[%clk 0:41:26]} 27. Be3 {[%clk 1:00:36]} b5 {[%clk 0:38:30]} 28. Rc7
{[%clk 1:00:25]} Nf6 {[%clk 0:37:55]} 29. Kf1 {[%clk 0:50:15]} Ne8
{[%clk 0:37:18]} 30. Rc6 {[%clk 0:50:04]} Bf6 {[%clk 0:27:52]} 31. Bh3
{[%clk 0:49:04]} Ng7 {[%clk 0:27:52]} 32. Rc8 {[%clk 0:44:45]} Rxc8
{[%clk 0:26:04]} 33. Bxc8 {[%clk 0:45:12]} a5 {[%clk 0:25:33]} 34. Bb6
{[%clk 0:44:57]} Bc3 {[%clk 0:23:07]} 35. Bd7 {[%clk 0:44:02]} e6
{[%clk 0:20:16]} 36. dxe6+ {[%clk 0:43:47]} Nxe6 {[%clk 0:20:07]} 37. Bxb5
{[%clk 0:43:41]} Kf6 {[%clk 0:17:52]} 38. Bc4 {[%clk 0:42:04]} Ke5
{[%clk 0:14:59]} 39. Bxe6 {[%clk 0:42:08]} Kxe6 {[%clk 0:14:53]} 40. Ke2
{[%clk 1:12:16]} Kd5 {[%clk 0:43:51]} 41. Kd3 {[%clk 1:12:33]} Be1
{[%clk 0:43:24]} 42. Be3 {[%clk 1:10:42]} Bb4 {[%clk 0:37:13]} 43. Bd2
{[%clk 1:10:41]} Bc5 {[%clk 0:35:27]} 44. f3 {[%clk 1:10:37]} Bb6
{[%clk 0:35:01]} 45. Be1 {[%clk 1:10:06]} h5 {[%clk 0:27:54]} 46. g4
{[%clk 1:10:08]} Bd8 {[%clk 0:20:48]} 47. a3 {[%clk 1:10:12]} Bb6
{[%clk 0:20:01]} 48. Bd2 {[%clk 1:07:37]} Bd8 {[%clk 0:18:43]} 49. Bc3
{[%clk 1:05:35]} Bb6 {[%clk 0:16:22]} 50. Bf6 {[%clk 1:05:02]} Bf2
{[%clk 0:15:28]} 51. Bd8 {[%clk 1:03:47]} Be1 {[%clk 0:15:39]} 52. Bb6
{[%clk 1:02:56]} Kc6 {[%clk 0:15:29]} 53. Bd8 {[%clk 1:02:17]} Kd5
{[%clk 0:14:48]} 54. Bf6 {[%clk 1:02:45]} Bf2 {[%clk 0:15:11]} 55. gxh5
{[%clk 1:00:37]} gxh5 {[%clk 0:15:03]} 56. f4 {[%clk 0:59:08]} Ke6
{[%clk 0:10:25]} 57. Bd8 {[%clk 0:58:26]} Kf5 {[%clk 0:09:29]} 58. Bxa5
{[%clk 0:57:51]} Bxh4 {[%clk 0:08:23]} 59. Bc7 {[%clk 0:57:44]} Be7
{[%clk 0:07:08]} 60. Ke3 {[%clk 0:54:12]} d5 {[%clk 0:06:21]} 61. a4
{[%clk 0:54:05]} Bc5+ {[%clk 0:05:33]} 62. Kf3 {[%clk 0:54:04]} d4
{[%clk 0:05:28]} 63. a5 {[%clk 0:54:09]} d3 {[%clk 0:03:44]} 64. Bb6
{[%clk 0:54:14]} Bxb6 {[%clk 0:03:05]} 65. axb6 {[%clk 0:54:42]} d2
{[%clk 0:02:55]} 66. Ke2 {[%clk 0:55:05]} h4 {[%clk 0:03:24]} 67. b7
{[%clk 0:55:13]} h3 {[%clk 0:01:01]} 68. b8=Q {[%clk 0:55:30]} 1-0

[Event "WCO 2016"]
[Site "?"]
[Date "2016.09.11"]
[Round "9"]
[Board "30"]
[WhiteID "14317176"]
[White "Khalema Sechaba"]
[BlackID "10700099"]
[Black "Rowe Peter"]
[Result "0-1"]
[BlackElo "1966"]
[WhiteElo "1754"]
[LiveChessVersion "1.4.8"]

1. d4 {[%clk 1:30:19]} d6 {[%clk 1:30:41]} 2. e4 {[%clk 1:29:07]} Nf6
{[%clk 1:30:45]} 3. f3 {[%clk 1:26:49]} Nbd7 {[%clk 1:29:17]} 4. c4
{[%clk 1:21:39]} e5 {[%clk 1:26:08]} 5. d5 {[%clk 1:17:08]} a5 {[%clk 1:25:36]}
6. Nc3 {[%clk 1:16:13]} Nc5 {[%clk 1:24:01]} 7. Be3 {[%clk 1:16:23]} Nfd7
{[%clk 1:20:41]} 8. Bd3 {[%clk 1:13:51]} Be7 {[%clk 1:19:52]} 9. Nge2
{[%clk 1:13:28]} O-O {[%clk 1:16:26]} 10. O-O {[%clk 1:06:54]} Bg5
{[%clk 1:11:24]} 11. Bf2 {[%clk 1:07:11]} b6 {[%clk 1:03:46]} 12. b3
{[%clk 1:03:35]} Qf6 {[%clk 0:59:08]} 13. Nb5 {[%clk 1:03:01]} Qd8
{[%clk 0:53:35]} 14. Bc2 {[%clk 1:02:39]} Ba6 {[%clk 0:43:39]} 15. Nec3
{[%clk 0:58:46]} g6 {[%clk 0:42:02]} 16. a3 {[%clk 0:58:54]} Rc8 {[%clk 0:40:19]}
17. b4 {[%clk 0:58:24]} Nb7 {[%clk 0:39:13]} 18. Bb3 {[%clk 0:54:00]} Kh8
{[%clk 0:36:16]} 19. Na7 {[%clk 0:43:53]} Ra8 {[%clk 0:36:24]} 20. Nc6
{[%clk 0:44:15]} Qc8 {[%clk 0:31:20]} 21. b5 {[%clk 0:44:25]} Nbc5
{[%clk 0:29:47]} 22. bxa6 {[%clk 0:44:39]} Rxa6 {[%clk 0:29:00]} 23. Ba4
{[%clk 0:44:06]} f5 {[%clk 0:28:10]} 24. Bb5 {[%clk 0:43:24]} Ra8
{[%clk 0:28:18]} 25. Kh1 {[%clk 0:38:55]} Rf7 {[%clk 0:26:37]} 26. exf5
{[%clk 0:32:11]} gxf5 {[%clk 0:26:23]} 27. h4 Bf6 {[%clk 0:23:00]} 28. Ra2
{[%clk 0:31:14]} Qg8 {[%clk 0:20:20]} 29. Ne2 {[%clk 0:27:26]} Qg6
{[%clk 0:18:03]} 30. Ng1 {[%clk 0:27:17]} Rg8 {[%clk 0:16:56]} 31. Be1
{[%clk 0:27:35]} f4 {[%clk 0:14:00]} 32. Nh3 {[%clk 0:27:13]} Qh5
{[%clk 0:13:32]} 33. Kh2 {[%clk 0:26:50]} Bxh4 {[%clk 0:12:40]} 34. Bxh4
{[%clk 0:27:03]} Qxh4 {[%clk 0:12:54]} 35. Qe1 {[%clk 0:27:18]} Qh5
{[%clk 0:12:16]} 36. Rh1 {[%clk 0:27:29]} Rfg7 {[%clk 0:10:49]} 37. Kg1
{[%clk 0:25:45]} Qxf3 {[%clk 0:09:35]} 38. Rh2 {[%clk 0:22:36]} Qb3
{[%clk 0:04:23]} 39. Rf2 {[%clk 0:15:12]} Nd3 {[%clk 0:03:39]} 40. Qe2
{[%clk 0:43:26]} Nxf2 {[%clk 0:33:11]} 41. Nxf2 {[%clk 0:43:17]} f3
{[%clk 0:29:47]} 42. Qe4 {[%clk 0:40:50]} Qc3 {[%clk 0:24:58]} 43. Ng4
{[%clk 0:40:37]} Nf6 {[%clk 0:21:17]} 44. Nxf6 {[%clk 0:40:52]} Rxg2+
{[%clk 0:21:40]} 45. Rxg2 {[%clk 0:40:52]} Rxg2+ {[%clk 0:22:00]} 46. Kf1
{[%clk 0:40:12]} Qc1+ {[%clk 0:22:15]} 47. Qe1 {[%clk 0:40:35]} Rg1+
{[%clk 0:22:37]} 0-1

[Event "WCO 2016"]
[Site "?"]
[Date "2016.09.11"]
[Round "9"]
[Board "31"]
[WhiteID "10700234"]
[White "Brookfield Toby"]
[BlackID "14317206"]
[Black "Kananelo Latela"]
[Result "1-0"]
[BlackElo "1736"]
[WhiteElo "1909"]
[LiveChessVersion "1.4.8"]

1. e4 {[%clk 1:30:51]} c5 {[%clk 1:30:34]} 2. Nf3 {[%clk 1:31:11]} d6
{[%clk 1:29:57]} 3. d4 {[%clk 1:31:31]} cxd4 {[%clk 1:30:22]} 4. Nxd4
{[%clk 1:31:56]} Nf6 {[%clk 1:25:48]} 5. Nc3 {[%clk 1:32:12]} a6 {[%clk 1:23:24]}
6. f4 {[%clk 1:32:30]} e6 {[%clk 1:21:37]} 7. Qf3 {[%clk 1:31:23]} Qc7
{[%clk 1:19:21]} 8. g4 {[%clk 1:31:28]} Nc6 {[%clk 1:18:26]} 9. Be3
{[%clk 1:31:03]} Nxd4 {[%clk 1:11:46]} 10. Bxd4 {[%clk 1:31:07]} e5
{[%clk 1:11:49]} 11. Be3 {[%clk 1:24:18]} Bxg4 {[%clk 1:11:14]} 12. Qg3
{[%clk 1:21:53]} b5 {[%clk 1:10:27]} 13. Bd3 {[%clk 1:18:44]} Be6
{[%clk 1:09:36]} 14. fxe5 {[%clk 1:10:50]} dxe5 {[%clk 1:09:38]} 15. a3
{[%clk 0:56:36]} g6 {[%clk 0:58:10]} 16. Rf1 {[%clk 0:49:35]} Nd7
{[%clk 0:53:56]} 17. Nd5 {[%clk 0:45:30]} Bxd5 {[%clk 0:53:31]} 18. exd5
{[%clk 0:45:44]} f5 {[%clk 0:53:28]} 19. Bg5 {[%clk 0:35:58]} Qa5+
{[%clk 0:52:05]} 20. Bd2 {[%clk 0:32:05]} Qb6 {[%clk 0:52:04]} 21. O-O-O
{[%clk 0:30:12]} Bg7 {[%clk 0:48:36]} 22. Bxf5 {[%clk 0:28:24]} O-O-O
{[%clk 0:47:55]} 23. Be6 {[%clk 0:22:02]} Rhf8 {[%clk 0:46:32]} 24. Bb4
{[%clk 0:18:35]} Rxf1 {[%clk 0:46:19]} 25. Rxf1 {[%clk 0:18:54]} Bh6+
{[%clk 0:45:54]} 26. Kb1 {[%clk 0:18:23]} Bf4 {[%clk 0:45:52]} 27. Qh3
{[%clk 0:18:08]} Qc7 {[%clk 0:45:23]} 28. Rf3 {[%clk 0:16:24]} Qa7
{[%clk 0:44:32]} 29. Bd6 {[%clk 0:14:11]} Bd2 {[%clk 0:37:35]} 30. Rc3+
{[%clk 0:14:04]} Bxc3 {[%clk 0:37:48]} 31. Qxc3+ {[%clk 0:14:28]} Kb7
{[%clk 0:37:58]} 32. Qc6# {[%clk 0:14:32]} 1-0

[Event "WCO 2016"]
[Site "?"]
[Date "2016.09.11"]
[Round "9"]
[Board "32"]
[WhiteID "21300380"]
[White "Molapo Joang"]
[BlackID "10700021"]
[Black "Hale Andrew"]
[Result "0-1"]
[BlackElo "1940"]
[WhiteElo "1685"]
[LiveChessVersion "1.4.8"]

1. d4 {[%clk 1:30:46]} d6 {[%clk 1:30:47]} 2. Nf3 {[%clk 1:30:40]} Bg4
{[%clk 1:30:49]} 3. c4 {[%clk 1:30:40]} Nd7 {[%clk 1:29:50]} 4. Nc3
{[%clk 1:30:47]} e6 {[%clk 1:29:19]} 5. g3 {[%clk 1:29:07]} Bxf3 {[%clk 1:27:01]}
6. exf3 {[%clk 1:29:11]} Ne7 {[%clk 1:19:55]} 7. Bg2 {[%clk 1:20:41]} Nb6
{[%clk 1:19:31]} 8. b3 {[%clk 1:19:24]} c6 {[%clk 1:16:30]} 9. O-O
{[%clk 1:16:41]} g6 {[%clk 1:16:59]} 10. Ne4 {[%clk 1:15:19]} Bg7
{[%clk 1:16:13]} 11. Bg5 {[%clk 1:15:21]} d5 {[%clk 1:12:11]} 12. Nf6+
{[%clk 1:14:01]} Kf8 {[%clk 1:12:46]} 13. c5 {[%clk 1:11:25]} h6 {[%clk 1:10:49]}
14. Bf4 {[%clk 1:07:49]} Bxf6 {[%clk 1:07:21]} 15. cxb6 {[%clk 1:07:47]} axb6
{[%clk 1:06:16]} 16. Qd2 {[%clk 1:07:05]} g5 {[%clk 1:03:12]} 17. Be5
{[%clk 1:05:35]} Bxe5 {[%clk 1:02:09]} 18. dxe5 {[%clk 1:05:54]} Ng6
{[%clk 1:02:01]} 19. Rfe1 {[%clk 0:59:28]} h5 {[%clk 1:02:31]} 20. h4
{[%clk 0:57:56]} gxh4 {[%clk 1:01:28]} 21. f4 {[%clk 0:58:13]} hxg3
{[%clk 0:57:29]} 22. fxg3 {[%clk 0:58:30]} h4 {[%clk 0:56:44]} 23. f5
{[%clk 0:56:04]} exf5 {[%clk 0:40:29]} 24. e6 {[%clk 0:56:23]} Qf6
{[%clk 0:35:32]} 25. exf7 {[%clk 0:53:41]} Kxf7 {[%clk 0:32:54]} 26. Bxd5+
{[%clk 0:50:32]} Kg7 {[%clk 0:30:47]} 27. Bg2 {[%clk 0:42:51]} Rad8
{[%clk 0:27:13]} 28. Qb4 {[%clk 0:42:24]} hxg3 {[%clk 0:25:29]} 29. Qxb6
{[%clk 0:40:53]} Qd4+ {[%clk 0:23:52]} 30. Qxd4+ {[%clk 0:41:09]} Rxd4
{[%clk 0:24:18]} 31. Re2 {[%clk 0:41:29]} Rhd8 {[%clk 0:22:15]} 32. Bf3
{[%clk 0:37:15]} Rd1+ {[%clk 0:16:39]} 33. Re1 {[%clk 0:37:18]} Rxa1
{[%clk 0:16:51]} 34. Rxa1 {[%clk 0:37:06]} Rd2 {[%clk 0:17:00]} 35. a4
{[%clk 0:34:05]} Nf4 {[%clk 0:13:51]} 36. Kh1 {[%clk 0:31:50]} Rh2+
{[%clk 0:11:37]} 0-1

[Event "WCO 2016"]
[Site "?"]
[Date "2016.09.11"]
[Round "9"]
[Board "29"]
[WhiteID "15200051"]
[White "Eichab Charles"]
[BlackID "12000108"]
[Black "Mannhart Marcel"]
[Result "0-1"]
[BlackElo "2128"]
[WhiteElo "2070"]
[LiveChessVersion "1.4.8"]

1. e4 {[%clk 1:30:49]} g6 {[%clk 1:30:37]} 2. d4 {[%clk 1:31:11]} Bg7
{[%clk 1:31:04]} 3. Nf3 {[%clk 1:31:37]} d6 {[%clk 1:31:03]} 4. Be2
{[%clk 1:31:32]} Nd7 {[%clk 1:29:07]} 5. O-O {[%clk 1:30:46]} c6 {[%clk 1:26:33]}
6. Re1 {[%clk 1:29:50]} e5 {[%clk 1:25:31]} 7. Nc3 {[%clk 1:27:16]} Ngf6
{[%clk 1:17:55]} 8. dxe5 {[%clk 1:24:23]} dxe5 {[%clk 1:17:50]} 9. Qd6
{[%clk 1:23:47]} Qe7 {[%clk 1:17:47]} 10. Qxe7+ {[%clk 1:12:12]} Kxe7
{[%clk 1:17:49]} 11. h3 {[%clk 1:07:04]} Ne8 {[%clk 1:08:56]} 12. Be3
{[%clk 1:04:37]} Nc7 {[%clk 1:04:05]} 13. Rad1 {[%clk 1:03:25]} Ne6
{[%clk 0:59:43]} 14. Bc4 {[%clk 0:57:48]} f6 {[%clk 0:58:00]} 15. a4
{[%clk 0:55:03]} Rd8 {[%clk 0:55:44]} 16. a5 {[%clk 0:52:34]} Ndf8
{[%clk 0:55:29]} 17. Na4 {[%clk 0:49:48]} Ke8 {[%clk 0:44:21]} 18. g4
{[%clk 0:47:00]} g5 {[%clk 0:42:12]} 19. b4 {[%clk 0:43:54]} Rxd1
{[%clk 0:40:24]} 20. Rxd1 {[%clk 0:44:17]} Nd8 {[%clk 0:39:56]} 21. Nh2
{[%clk 0:39:09]} Be6 {[%clk 0:35:55]} 22. Be2 {[%clk 0:38:52]} Nd7
{[%clk 0:35:32]} 23. Nf1 {[%clk 0:38:46]} Bf8 {[%clk 0:35:53]} 24. Rb1
{[%clk 0:36:56]} Bf7 {[%clk 0:24:11]} 25. Nd2 {[%clk 0:27:47]} Ne6
{[%clk 0:23:56]} 26. c3 {[%clk 0:27:13]} Be7 {[%clk 0:21:33]} 27. Bf1
{[%clk 0:24:40]} Bd8 {[%clk 0:20:21]} 28. Kh2 {[%clk 0:16:46]} b5
{[%clk 0:17:10]} 29. Nb2 {[%clk 0:15:15]} a6 {[%clk 0:16:59]} 30. c4
{[%clk 0:12:43]} Be7 {[%clk 0:16:45]} 31. c5 {[%clk 0:12:44]} Ndf8
{[%clk 0:16:53]} 32. Nf3 {[%clk 0:07:18]} Rd8 {[%clk 0:15:18]} 33. Rd1
{[%clk 0:06:46]} Ng6 {[%clk 0:13:35]} 34. Rxd8+ {[%clk 0:01:47]} Bxd8
{[%clk 0:13:50]} 35. Nd3 {[%clk 0:00:40]} Bc7 {[%clk 0:12:05]} 0-1